[Event "Open SSM Luglio"]
[Site "Milano ITA"]
[Date "2012.07.01"]
[Round "5"]
[White "Macri', Vincenzo Roberto"]
[Black "Frignani, Alessandro"]
[WhiteElo "1629"]
[BlackElo "1326"]
[Result "0-1"]
[PlyCount "52"]
[EventDate "2012.06.28"]

1. e4 e5 2. Nf3 Nc6 3. d4 exd4 4. Nxd4 Nxd4 5. Qxd4 c5 6. Qa4 Qb6 7. Nc3 Ne7 8.
Bb5 a6 9. Bf4 g6 10. Rd1 Nc6 11. Nd5 Qd8 12. Nc7+ Ke7 13. Bg5+ f6 14. Nd5+ Kf7
15. Bxf6 Be7 16. Bxc6 Bxf6 17. Nxf6 bxc6 18. e5 Qe7 19. Qf4 Kg7 20. O-O Rf8 21.
Rd6 Ra7 22. Rfd1 Rb7 23. Qh4 Kh8 24. R1d3 Rf7 25. f4 Rxb2 26. Ne4 Qxh4 0-1

[Event "Open SSM Luglio"]
[Site "Milano ITA"]
[Date "2012.07.01"]
[Round "5"]
[White "Miracola, Giorgia"]
[Black "Agnello, Francesco Claudio"]
[WhiteElo "1790"]
[BlackElo "1608"]
[Result "1/2-1/2"]
[PlyCount "51"]
[EventDate "2012.06.28"]

1. e4 c5 2. Nf3 d6 3. d4 cxd4 4. Nxd4 Nf6 5. Nc3 a6 6. Bc4 e6 7. Bb3 Be7 8. Be3
b5 9. Qe2 Bb7 10. f3 Nbd7 11. Bxe6 fxe6 12. Nxe6 Qc8 13. Nxg7+ Kf7 14. Nf5 b4
15. Nxe7 Kxe7 16. Nd5+ Nxd5 17. exd5 Kd8 18. O-O-O Kc7 19. Qc4+ Kb8 20. Qxb4
Qc7 21. Rd3 Ne5 22. Rc3 Qd7 23. f4 Nf7 24. Bb6 Rc8 25. Rxc8+ Qxc8 26. Re1
1/2-1/2

[Event "Open SSM Luglio"]
[Site "Milano ITA"]
[Date "2012.07.01"]
[Round "5"]
[White "Miracola, Massimiliano"]
[Black "Gonella, Daniele"]
[WhiteElo "2101"]
[BlackElo "2117"]
[Result "1/2-1/2"]
[PlyCount "131"]
[EventDate "2012.06.28"]

1. d4 Nf6 2. c4 g6 3. Nf3 d5 4. cxd5 Nxd5 5. g3 Bg7 6. Bg2 O-O 7. O-O Re8 8. e4
Nb6 9. Nc3 Bg4 10. d5 c6 11. h3 Bxf3 12. Qxf3 e6 13. dxe6 Rxe6 14. Rd1 N8d7 15.
Bf4 Qf6 16. h4 Ne5 17. Qe2 h6 18. a4 a5 19. Be3 Nec4 20. Bd4 Qe7 21. Bxg7 Kxg7
22. b3 Ne5 23. Kh1 Rd8 24. f4 Rxd1+ 25. Rxd1 Ned7 26. Qb2 f6 27. Rd4 Rd6 28.
Qd2 Rxd4 29. Qxd4 Qc5 30. Qd3 Qb4 31. Na2 Qa3 32. Bh3 Qe7 33. Qd4 Kf7 34. Kh2
Qc5 35. Qd2 Ke7 36. Nc1 Qb4 37. Qxb4+ axb4 38. a5 Nc8 39. Nd3 Nd6 40. Bg2 Ke6
41. Kg1 Nb5 42. Nxb4 Nc5 43. Bf1 Nc7 44. Bc4+ Kd6 45. Bf7 Ke7 46. Bc4 Nxe4 47.
a6 Nxa6 48. Bxa6 bxa6 49. Kg2 c5 50. Nxa6 Kd6 51. Kh3 h5 52. Kg2 Nd2 53. b4 c4
54. Kf2 Ne4+ 55. Ke3 Nxg3 56. Kd4 Ne2+ 57. Kxc4 Nxf4 58. b5 g5 59. b6 Kc6 60.
b7 Kxb7 61. Nc5+ Kc6 62. Ne4 g4 63. Kd4 f5 64. Ng3 Kd6 65. Nxf5+ Ke6 66. Ke4
1/2-1/2

[Event "Open SSM Luglio"]
[Site "Milano ITA"]
[Date "2012.07.01"]
[Round "5"]
[White "Molinelli, Luigi"]
[Black "Marcuzzo, Stefano"]
[WhiteElo "1251"]
[BlackElo "1395"]
[Result "1-0"]
[PlyCount "55"]
[EventDate "2012.06.28"]

1. d4 d5 2. Nf3 Nc6 3. g3 Nf6 4. Bg2 g6 5. O-O Bg7 6. c3 O-O 7. Bf4 Bf5 8. Nbd2
b6 9. Re1 Rc8 10. Ne5 Nxe5 11. dxe5 Nd7 12. Nf3 Nc5 13. Nd4 Qd7 14. Nxf5 Qxf5
15. Qxd5 Rfd8 16. Qf3 Bxe5 17. Bxe5 Qxe5 18. Red1 Qe6 19. Rxd8+ Rxd8 20. b3 Rd6
21. Qa8+ Kg7 22. e3 a5 23. b4 axb4 24. cxb4 Nd3 25. Qa3 Ne5 26. Qc3 Rc6 27.
Bxc6 f6 28. Bg2 1-0

[Event "Open SSM Luglio"]
[Site "Milano ITA"]
[Date "2012.07.01"]
[Round "5"]
[White "Pelizzola, Danilo"]
[Black "Motola, Jacopo"]
[WhiteElo "2005"]
[BlackElo "1937"]
[Result "1/2-1/2"]
[PlyCount "99"]
[EventDate "2012.06.28"]

1. e4 e6 2. d4 d5 3. exd5 exd5 4. Bd3 Bd6 5. Nf3 Nf6 6. O-O O-O 7. Bg5 Bg4 8.
Nbd2 Nbd7 9. c3 c6 10. Qc2 Qc7 11. Bh4 Bh5 12. Bg3 Bxg3 13. hxg3 Bg6 14. Bxg6
hxg6 15. Rfe1 Rfe8 16. Rxe8+ Rxe8 17. Re1 Rxe1+ 18. Nxe1 Nf8 19. Nef3 Qe7 20.
Ne5 Ne6 21. b4 Qc7 22. Nd3 b6 23. Qb2 g5 24. Qb1 g6 25. Qe1 c5 26. dxc5 bxc5
27. Qe5 Qxe5 28. Nxe5 d4 29. cxd4 cxb4 30. Nc6 Nd5 31. Nb3 a6 32. Kf1 Kf8 33.
Ke1 Ke8 34. Kd2 Kd7 35. Nb8+ Kc7 36. Nxa6+ Kb6 37. Nac5 Nxd4 38. Nd7+ Kc7 39.
Ne5 Nxb3+ 40. axb3 f6 41. Nxg6 Kd7 42. f4 Ke6 43. fxg5 fxg5 44. Kd3 Kf5 45. Nf8
Nc3 46. Kc4 Na2 47. Kc5 Kg4 48. Ne6 Kxg3 49. Nxg5 Nc1 50. Kxb4 1/2-1/2

[Event "Open SSM Luglio"]
[Site "Milano ITA"]
[Date "2012.07.01"]
[Round "5"]
[White "Petrone, Gianmario"]
[Black "Colica, Daniele"]
[WhiteElo "1930"]
[BlackElo "1679"]
[Result "1-0"]
[PlyCount "47"]
[EventDate "2012.06.28"]

1. e4 Nf6 2. e5 Nd5 3. d4 d6 4. c4 Nb6 5. exd6 exd6 6. Bd3 Be7 7. h3 Nc6 8. Nf3
O-O 9. b3 Nb4 10. O-O Nxd3 11. Qxd3 Qd7 12. Re1 Bf6 13. Nc3 Qf5 14. Ne4 Qg6 15.
Nxf6+ Qxf6 16. Bg5 Bf5 17. Qd2 Qg6 18. Nh4 Qh5 19. Nxf5 f6 20. Ne7+ Kf7 21. Bf4
g5 22. Bg3 g4 23. hxg4 Qxg4 24. Qf4 1-0